Devinez la Capitale Mystère #88 - Statistiques

Statistiques générales
  • Ce quiz a été pris 165 fois
  • Le résultat moyen est 24 sur 33
Statistiques - réponses
Type de Réponse Réponse % Correct
Lettre Trouvée A
100%
Lettre de l'Alphabet I
100%
Lettre Trouvée R
100%
Lettre Bien Placée A
98%
Lettre Trouvée M
97%
Lettre de l'Alphabet E
95%
Lettre de l'Alphabet N
95%
Lettre de l'Alphabet S
95%
Lettre Trouvée O
94%
Lettre de l'Alphabet L
92%
Lettre de l'Alphabet B
90%
Lettre de l'Alphabet D
90%
Lettre Bien Placée M
88%
Lettre de l'Alphabet P
88%
Lettre de l'Alphabet T
88%
Lettre Trouvée U
85%
Lettre de l'Alphabet C
77%
Lettre de l'Alphabet G
74%
Lettre de l'Alphabet K
68%
Lettre Bien Placée R
68%
Lettre de l'Alphabet H
65%
Lettre de l'Alphabet W
59%
Lettre de l'Alphabet V
56%
Lettre Bien Placée O
53%
Lettre de l'Alphabet X
53%
Lettre de l'Alphabet Y
53%
Lettre Bien Placée U
47%
Lettre Trouvée J
43%
Lettre de l'Alphabet Z
40%
Lettre de l'Alphabet F
38%
Lettre de l'Alphabet Q
36%
Lettre Bien Placée J
32%
Capitale Mystère Majuro
32%
Aucun quiz correspondant
Distribution des résultats
% des personnes avec chaque résultat
Percentile par nombre de réponses
Votre historique - résultats
Vous n’avez pas pris ce quiz